000 00537nam a2200193Ia 4500
005 20250508162321.0
008 008 250505s9999 xx 000 0 hin d
037 _aTextual
040 _aFEDL
_beng
_cFEDL
041 _ahin
_2eng
084 _a181.4, UDA
_qFEDL
100 _aUdayveer Shastri
_9772836
245 0 _aViesheshikdrashanam
260 _aMeerut, India
_bSwami Vigyananand Sarswati
300 _a455p.
650 _aOriental Philosophy
_9755543
942 _cTEXL
_h181.4, UDA
999 _c1375801
_d1375801